000 00831nam a2200205Ia 4500
003 IN-BaIIA
008 211028s9999 xx 000 0 eng d
020 _a0-521-36432-9
040 _cIIA Library
080 _a524.7(082.1)
_bDYN
111 _aWorkshop on Dynamics of Dense Stellar Systems
_cToronto, Ontario
_d1988 May 27-28
_916276
245 0 _aDynamics of dense stellar systems
_bproceedings of a workshop on dynamics of dense stellar systems, held in Toronto, Ontario, May 27-28, 1988
_cedited by David Merritt
260 _aCambridge
_bCambridge University Press
_c1989
300 _ax, 251p.
650 _aAstronomy and astrophysics thesaurus
650 _aExtragalactic system
_95594
650 _aStellar systems dynamics
_916277
700 _aMerritt, David., ed.
_916278
942 _cBK
999 _c9648
_d9648